Ministry of works and supply buildings department: annual report 1982 (Record no. 77693)

MARC details
000 -LEADER
fixed length control field 01011nam a2200181 a 4500
008 - FIXED-LENGTH DATA ELEMENTS--GENERAL INFORMATION
fixed length control field 100209s1983 ||||||||||||||||| || u
050 ## - LIBRARY OF CONGRESS CALL NUMBER
Classification number GOV.ZAM.W6(058)
110 ## - MAIN ENTRY--CORPORATE NAME
Corporate name or jurisdiction name as entry element Government of the Republic of Zambia. Ministry of Works and Supply
245 10 - TITLE STATEMENT
Title Ministry of works and supply buildings department: annual report 1982
260 ## - PUBLICATION, DISTRIBUTION, ETC.
Place of publication, distribution, etc. Lusaka:
Name of publisher, distributor, etc. Government Printer
Date of publication, distribution, etc. 1983
350 ## -
-- 0.00
500 ## - GENERAL NOTE
General note Holdings 1978; 1979; 1982
650 ## - SUBJECT ADDED ENTRY--TOPICAL TERM
Topical term or geographic name entry element REPORTS
650 ## - SUBJECT ADDED ENTRY--TOPICAL TERM
Topical term or geographic name entry element WORKS AND MAINTENANCE--ZAMBIA
995 ## -
-- SPECIAL COLLECTIONS
-- 0.00
-- 03005822
-- CBU-MAIN LIBRARY (Kitwe)
-- 1
-- 0.00
-- GOV.ZAM.W6(058)BD/1983
-- 1982
-- AVAILABLE
-- Feb 9, 2010
-- Z03005822
-- Zambiana Collection
995 ## -
-- SPECIAL COLLECTIONS
-- 0.00
-- 03005823
-- CBU-MAIN LIBRARY (Kitwe)
-- 1
-- 0.00
-- GOV.ZAM.W6(058)BD/1980
-- 1978
-- AVAILABLE
-- Feb 9, 2010
-- Z03005823
-- Zambiana Collection
995 ## -
-- SPECIAL COLLECTIONS
-- 0.00
-- 03005825
-- CBU-MAIN LIBRARY (Kitwe)
-- 1
-- 0.00
-- GOV.ZAM.W6(058)BD/1981
-- 1979
-- AVAILABLE
-- Feb 9, 2010
-- Z03005825
-- Zambiana Collection
999 ## -
-- 77693
-- 77693
Holdings
Withdrawn status Lost status Source of classification or shelving scheme Damaged status Not for loan Permanent Location Current Location Shelving location Date acquired Total Checkouts Full call number Barcode Date last seen Copy number Price effective from Koha item type
          CBU-MAIN LIBRARY, KITWE. CBU-MAIN LIBRARY, KITWE.   05/03/2023   GOV.ZAM.W6(058)BD/1983 Z03005822 05/03/2023 1 05/03/2023 SPECIAL COLLECTION
          CBU-MAIN LIBRARY, KITWE. CBU-MAIN LIBRARY, KITWE.   05/03/2023   GOV.ZAM.W6(058)BD/1980 Z03005823 05/03/2023 2 05/03/2023 SPECIAL COLLECTION
          CBU-MAIN LIBRARY, KITWE. CBU-MAIN LIBRARY, KITWE.   05/03/2023   GOV.ZAM.W6(058)BD/1981 Z03005825 05/03/2023 3 05/03/2023 SPECIAL COLLECTION